[Event "22nd OIBM 2018"]
[Site "Gmund am Tegernsee"]
[Date "2018.10.30"]
[Round "4"]
[White "Wiendieck, Joerg"]
[Black "Oberhofer, Cedric"]
[Result "0-1"]
[WhiteElo "1995"]
[BlackElo "2213"]
[Annotator "ChessBase"]
[PlyCount "84"]
[EventDate "2018.10.27"]
[EventType "swiss"]
[EventCountry "GER"]
[SourceTitle "playchess.com"]
[Source "ChessBase"]
[SourceQuality "1"]
[TimeControl "40/5400+30:1800+30"]

1. c4 {[%emt 0:00:00]} e5 {[%emt 0:00:00]} 2. Nc3 {[%emt 0:00:00]} Nf6 {[%emt 0:00:00]} 3. g3 {[%emt 0:00:43]} d5 {[%emt 0:00:00]} 4. cxd5 {[%emt 0:00:25]} Nxd5 {[%emt 0:00:07]} 5. Bg2 {[%emt 0:00:23]} Nb6 {[%emt 0:00:07]} 6. Nf3 {[%emt 0:01:23]} Nc6 {[%emt 0:00:07]} 7. O-O {[%emt 0:01:04]} Be7 {[%emt 0:00:34]} 8. d3 {[%emt 0:08:33]} O-O {[%emt 0:00:55]} 9. a3 {[%emt 0:00:52]} Be6 {[%emt 0:01:55]} 10. b4 {[%emt 0:01:51]} a5 {[%emt 0:00:32]} 11. b5 {[%emt 0:03:06]} Nd4 {[%emt 0:00:14]} 12. Bb2 {[%emt 0:08:49]} f6 {[%emt 0:09:29]} 13. Nd2 {[%emt 0:06:01]} c6 {[%emt 0:09:49]} 14. a4 {[%emt 0:05:41]} cxb5 {[%emt 0:07:29]} 15. Nxb5 {[%emt 0:03:10]} Nxb5 16. axb5 {[%emt 0:00:27]} Qd7 {[%emt 0:18:13]} 17. Ba3 Bxa3 {[%emt 0:06:05]} 18. Rxa3 {[%emt 0:09:50]} Qxb5 {[%emt 0:00:40]} 19. Bxb7 {[%emt 0:04:44]} Rab8 {[%emt 0:00:14]} 20. Bg2 {[%emt 0:00:45]} Qb4 {[%emt 0:04:36]} 21. Nb1 {[%emt 0:02:36]} Rfc8 {[%emt 0:09:59]} 22. Qd2 {[%emt 0:06:32]} Qxd2 {[%emt 0:01:49]} 23. Nxd2 {[%emt 0:00:10]} Rc2 {[%emt 0:00:52]} 24. Ne4 {[%emt 0:08:29]} a4 {[%emt 0:00:19]} 25. e3 {[%emt 0:03:19]} Rd8 {[%emt 0:07:49]} 26. Rd1 {[%emt 0:04:33]} Bb3 {[%emt 0:01:21]} 27. Bf1 {[%emt 0:01:55]} Nc4 {[%emt 0:07:17]} 28. Raa1 {[%emt 0:00:15]} Nb2 {[%emt 0:00:08]} 29. Rd2 {[%emt 0:04:36]} f5 {[%emt 0:03:09]} 30. Rxc2 {[%emt 0:01:09]} Bxc2 {[%emt 0:00:05]} 31. Nc5 {[%emt 0:00:20]} Rd5 {[%emt 0:02:53]} 32. Ra2 {[%emt 0:07:32]} Rxc5 {[%emt 0:01:32]} 33. Rxb2 {[%emt 0:00:11]} Bb3 {[%emt 0:00:29]} 34. Rb1 {[%emt 0:01:21]} Ra5 {[%emt 0:02:22]} 35. d4 {[%emt 0:02:25]} exd4 {[%emt 0:00:09]} 36. exd4 {[%emt 0:00:16]} Kf8 {[%emt 0:00:04]} 37. Kg2 {[%emt 0:00:41]} Bd5+ {[%emt 0:02:13]} 38. f3 {[%emt 0:00:29]} a3 {[%emt 0:01:29]} 39. Kf2 {[%emt 0:01:18]} a2 {[%emt 0:01:28]} 40. Ra1 {[%emt 0:00:09]} Ra3 {[%emt 0:00:46]} 41. Be2 {[%emt 0:30:31]} Rc3 {[%emt 0:07:16]} 42. Ke1 {[%emt 0:00:00]} Rc2 {[%emt 0:00:17]} 0-1

[Event "22nd OIBM 2018"]
[Site "Gmund am Tegernsee"]
[Date "2018.10.30"]
[Round "4"]
[White "Schleich, Theodor"]
[Black "Sieglen, Joachim"]
[Result "0-1"]
[WhiteElo "1992"]
[BlackElo "2208"]
[Annotator "TA"]
[PlyCount "92"]
[EventDate "2018.10.27"]
[EventType "swiss"]
[EventCountry "GER"]
[SourceTitle "playchess.com"]
[Source "ChessBase"]
[SourceQuality "1"]

{[%evp 10,92,0,0,45,39,53,48,63,46,60,50,58,52,56,49,77,80,82,78,107,77,78,56,60,-171,-154,-168,-128,-260,-24,-35,-15,-30,-14,-102,-103,-114,-72,-210,-210,-234,-231,-259,-246,-224,-185,-185,-175,-217,-220,-207,-211,-191,-79,-281,-298,-361,-166,-154,-157,-143,-84,-121,-127,-251,-249,-244,-194,-192,-192,-178,-151,-209,-209,-217,-218,-208,-214,-315,-314,-308,-314,-272,-247]} 1. d4 d5 2. Bg5 c5 3. dxc5 f6 4. Bd2 (4. Bh4 e5 5. e4 d4 6. c3 Bxc5 7. Nf3 Nc6 8. Bc4 Nge7 9. O-O Bg4 10. cxd4 Nxd4 11. Qa4+ Bd7 {0-1 (57) Villuendas Valero,A (2311)-Forcen Esteban,D (2541) Aragon 2017}) 4... e5 5. b4 a5 6. c3 $1 {LiveBook: 3 Games. D00: 1 d4 d5: Unusual lines} Be6 7. e3 Ne7 8. Bb5+ $146 {White is slightly better.} ({Predecessor:} 8. Na3 Nec6 9. Nc2 Be7 10. f4 O-O 11. Nf3 axb4 12. cxb4 {1-0 (25) Brandics,J (2355)-Raetsky,A (2400) Kecskemet 1991}) 8... Nbc6 9. Ne2 g6 10. O-O Bg7 11. a4 O-O 12. Na3 Qc7 13. Bd3 Rfd8 14. Nb5 Qb8 15. Qb3 Kh8 16. Rfd1 Bg8 {next ...e4 is good for Black.} 17. c4 $2 (17. Qb1 $14 {keeps the upper hand.}) 17... e4 $1 $19 {[%cal Re4d3]} 18. Bc2 dxc4 ({Don't play} 18... axb4 19. Bxb4 dxc4 20. Qa3 $15) 19. Qb2 {[#]} (19. Qb1 $17) 19... axb4 $2 ({Better is} 19... Rxd2 $1 $19 {[%mdl 512]} 20. Rxd2 f5) 20. Bxb4 $11 Nxb4 21. Qxb4 Nc6 {[%cal Be7c6,Bc6e5,Be5d7][%mdl 32]} 22. Qb2 (22. Qa3 $11) 22... f5 $36 {[%mdl 2048] Black has strong initiative.} 23. Ned4 Ne5 24. Nd6 {[#]} (24. Qb4 $17) 24... b6 $1 $19 {[%mdl 512] ...Nd3 is the strong threat.} 25. Qxb6 Qxb6 26. cxb6 {Black must now prevent N6b5.} Rxd6 27. a5 Rb8 28. Rdb1 Nd7 $1 {[%cal Rd7b6]} 29. Rb5 Bxd4 30. exd4 Bd5 (30... Rxd4 31. b7 $15) 31. Rb4 Bb7 (31... Kg7 $19 {and Black stays clearly on top.} 32. h3 Nf6) 32. a6 $2 (32. Rxc4 $17 {was the only defense.} Ba6 33. Rca4) 32... Ra8 $1 ({Less strong is} 32... Rxd4 33. axb7 Rd2 34. Rxc4 $15) (32... Rxb6 33. Rxb6 Nxb6 34. axb7 $15) 33. Rba4 Rxa6 ({Not} 33... Rxb6 34. axb7 Rxa4 35. Rxa4 $15) (33... Bd5 $142 34. b7 Ra7) 34. Rxa6 Bxa6 35. Rxa6 {And now Ra8+ would win.} Rxb6 {[%mdl 4096] Endgame KRB-KRN} (35... Nxb6 $142 36. Kf1 h5) 36. Ra8+ Rb8 37. Ra7 (37. Ra4 $17) 37... Nf6 38. Rc7 Rb4 39. Kf1 Nd5 40. Rc5 Nf4 41. d5 (41. g4 $17) 41... Kg7 $1 42. d6 {[#] With the idea d7.} Kf6 $1 43. g3 {[#]} Nd3 $1 {[%cal Rd3c5]} 44. Rc7 (44. Rd5 $142 Rb8 45. d7) 44... Ke6 {Black has a decisive advantage.} 45. d7 Ke7 46. Ra7 Nc5 {Precision: White = 34%, Black = 52%.} 0-1

[Event "22nd OIBM 2018"]
[Site "Gmund am Tegernsee"]
[Date "2018.10.30"]
[Round "4"]
[White "Wolf, Pablo"]
[Black "Leeb, Simon"]
[Result "1-0"]
[WhiteElo "1983"]
[BlackElo "2203"]
[Annotator "NA"]
[PlyCount "65"]
[EventDate "2018.10.27"]
[EventType "swiss"]
[EventCountry "GER"]
[SourceTitle "playchess.com"]
[Source "ChessBase"]
[SourceQuality "1"]
[TimeControl "40/5400+30:1800+30"]

1. e4 {[%emt 0:00:00] Lukacs,P} c6 {[%emt 0:00:00]} 2. Ne2 {[%emt 0:00:03]} d5 {[%emt 0:01:59]} 3. e5 {[%emt 0:00:46]} c5 {[%emt 0:00:25]} 4. d4 {[%emt 0:01:44]} Nc6 {[%emt 0:03:39]} 5. c3 {[%emt 0:01:52]} cxd4 {[%emt 0:05:42] B12: Caro-Kann: Advance Variation} (5... Bg4 6. h3 Bxe2 7. Bxe2 e6 8. O-O Qb6 9. dxc5 Bxc5 10. b4 Be7 11. Be3 Qc7 12. f4 Nh6 13. Na3 {½-½ (44) Vachier Lagrave,M (2795)-Anand,V (2786) Stavanger 2017}) 6. cxd4 {[%emt 0:00:30]} Bf5 {[%emt 0:00:14]} 7. Nbc3 {[%emt 0:11:21]} e6 {[%emt 0:00:53] LiveBook: 28 Games} 8. a3 {[%emt 0:04:48]} a6 {[%emt 0:03:02]} 9. Be3 {[%emt 0:08:56]} f6 {[%emt 0:09:46]} 10. f4 $146 {[%emt 0:09:34]} ({Predecessor:} 10. h3 h5 11. exf6 Nxf6 12. g3 Bd6 13. Bg2 {½-½ (48) Davies,N (2515)-Speelman,J (2600) Southend 1999 CBM 071 [Lukacs,P]}) 10... fxe5 {[%emt 0:08:03]} 11. fxe5 {[%emt 0:01:17]} Be7 {[%emt 0:00:05]} 12. Nf4 {[%emt 0:03:31]} Nh6 {[%emt 0:05:59]} 13. Be2 {[%emt 0:02:50]} Qb6 14. b4 {[%emt 0:08:00]} Nxe5 {[%emt 0:13:07]} 15. Ncxd5 {[%emt 0:10:33]} exd5 {[%emt 0:12:32]} 16. Nxd5 {[%emt 0:00:22]} Qc6 {[%emt 0:08:49]} 17. dxe5 {[%emt 0:03:48]} Rd8 {[%emt 0:13:13]} 18. Bf3 {[%emt 0:01:22]} Rxd5 {[%emt 0:02:23]} 19. Qxd5 {[%emt 0:02:09]} Qc3+ {[%emt 0:00:08]} 20. Ke2 $18 {[%emt 0:04:00]} Ng4 {[%emt 0:01:41]} 21. Qd4 {[%emt 0:04:13]} Qc2+ {[%emt 0:03:58]} 22. Bd2 {[%emt 0:00:09]} Qc8 {[%emt 0:00:57]} 23. h3 {[%emt 0:01:07]} Nf6 {[%emt 0:01:36]} 24. Rac1 {[%emt 0:06:38]} Qe6 {[%emt 0:00:45]} 25. g4 {[%emt 0:00:28]} Bg6 {[%emt 0:00:51]} 26. Bxb7 {[%emt 0:00:55]} O-O {[%emt 0:01:21]} 27. Qc4 {[%emt 0:00:37]} Qxc4+ {[%emt 0:00:40]} 28. Rxc4 {[%emt 0:00:04]} Rd8 {[%emt 0:00:04]} 29. exf6 {[%emt 0:01:01]} Bd3+ {[%emt 0:00:06]} 30. Ke1 {[%emt 0:00:37]} Bxc4 {[%emt 0:00:06]} 31. fxe7 {[%emt 0:00:14]} Re8 {[%emt 0:00:11]} 32. Bg5 {[%emt 0:00:04]} Bb5 {[%emt 0:00:05]} 33. Bd5+ {[%emt 0:00:56]} 1-0

[Event "22nd OIBM 2018"]
[Site "Gmund am Tegernsee"]
[Date "2018.10.30"]
[Round "4"]
[White "Becker, Wolfgang"]
[Black "Boehm, Martin"]
[Result "0-1"]
[WhiteElo "1858"]
[BlackElo "2195"]
[Annotator "NA"]
[PlyCount "62"]
[EventDate "2018.10.27"]
[EventType "swiss"]
[EventCountry "GER"]
[SourceTitle "playchess.com"]
[Source "ChessBase"]
[SourceQuality "1"]
[TimeControl "40/5400+30:1800+30"]

1. e4 {[%emt 0:00:00]} c5 {[%emt 0:00:00]} 2. c3 {[%emt 0:00:00]} Nf6 {[%emt 0:00:42]} 3. e5 {[%emt 0:00:02]} Nd5 {[%emt 0:00:02]} 4. d4 {[%emt 0:00:16]} cxd4 {[%emt 0:01:38]} 5. Nf3 {[%emt 0:00:20]} Nc6 {[%emt 0:01:12]} 6. cxd4 {[%emt 0:00:33]} e6 {[%emt 0:00:31]} 7. Nc3 {[%emt 0:05:25]} Nxc3 {[%emt 0:07:14]} 8. bxc3 {[%emt 0:00:32]} d6 {[%emt 0:00:31]} 9. exd6 {[%emt 0:03:47]} Qxd6 {[%emt 0:02:51]} 10. Bd3 {[%emt 0:01:49] B22: Sicilian: 2 c3} Be7 {[%emt 0:00:09]} 11. Qe2 {[%emt 0:04:04]} b6 {[%emt 0:16:45]} 12. O-O {[%emt 0:01:00]} Bb7 {[%emt 0:00:06] LiveBook: 3 Games} 13. Re1 {[%emt 0:02:20]} Rc8 {[%emt 0:12:43]} 14. Qe4 $146 {[%emt 0:19:58]} ({Predecessor:} 14. Bg5 Qd8 15. Qe3 h6 16. Bf4 Bd6 17. Ne5 Nxe5 18. dxe5 {½-½ (34) Sevillano,E (2461)-Molner,M (2455) Las Vegas 2011}) 14... Na5 {[%emt 0:06:26]} 15. Bb5+ {[%emt 0:02:01]} Kf8 16. Qd3 {[%emt 0:06:08]} f6 {[%emt 0:06:17]} 17. a4 {[%emt 0:02:04]} Qd5 {[%emt 0:03:45]} 18. Bf4 {[%emt 0:14:06]} Kf7 {[%emt 0:01:06]} 19. Re2 {[%emt 0:01:59]} g5 {[%emt 0:08:16]} 20. Bd2 {[%emt 0:01:33]} g4 {[%emt 0:00:38]} 21. Ne1 {[%emt 0:01:30]} Bd6 {[%emt 0:00:45]} 22. Rc1 {[%emt 0:03:43]} Nc4 {[%emt 0:01:07]} 23. Bxc4 {[%emt 0:01:13]} Qxc4 {[%emt 0:01:09]} 24. Qe3 {[%emt 0:00:52]} Bf4 {[%emt 0:03:28]} 25. Qd3 {[%emt 0:01:05]} Bb8 {[%emt 0:01:59]} 26. Qe3 {[%emt 0:00:50]} Ba6 {[%emt 0:03:57]} 27. Nd3 {[%emt 0:00:35]} Rce8 {[%emt 0:01:20]} 28. Ne5+ {[%emt 0:06:33]} Bxe5 {[%emt 0:01:29]} 29. dxe5 {[%emt 0:01:19]} Qxe2 {[%emt 0:00:07]} 30. Qh6 {[%emt 0:00:12]} Qxe5 {[%emt 0:00:26]} 31. Re1 $19 {[%emt 0:02:31]} Qf5 {[%emt 0:00:19]} 0-1

[Event "22nd OIBM 2018"]
[Site "Gmund am Tegernsee"]
[Date "2018.10.30"]
[Round "4"]
[White "Wehrmann, Henning"]
[Black "Kaiser, Elmar"]
[Result "0-1"]
[WhiteElo "1828"]
[BlackElo "2185"]
[Annotator "NA"]
[PlyCount "74"]
[EventDate "2018.10.27"]
[EventType "swiss"]
[EventCountry "GER"]
[SourceTitle "playchess.com"]
[Source "ChessBase"]
[SourceQuality "1"]
[TimeControl "40/5400+30:1800+30"]

1. e4 {[%emt 0:00:00]} e6 {[%emt 0:01:37]} 2. d4 {[%emt 0:00:00]} d5 {[%emt 0:00:12]} 3. Nd2 {[%emt 0:00:00]} c5 {[%emt 0:00:40]} 4. Ngf3 {[%emt 0:01:03]} Nc6 {[%emt 0:02:37]} 5. Bb5 {[%emt 0:01:08]} Qb6 {[%emt 0:04:48]} 6. exd5 {[%emt 0:05:19] C07: French Tarrasch: 3...c5, 4 Ngf3 and 4 exd5 Qxd5} Qxb5 {[%emt 0:00:35]} 7. c4 {[%emt 0:00:52]} Qa6 {[%emt 0:03:15]} 8. dxc6 {[%emt 0:00:25]} Qxc6 {[%emt 0:00:04]} 9. O-O {[%emt 0:04:11]} Nf6 {[%emt 0:01:25]} 10. Re1 {[%emt 0:01:21]} (10. Ne5 Qc7 11. Ndf3 Be7 12. Bf4 Qa5 13. dxc5 O-O {1-0 (43) Gopal,G (2572)-Sengupta,D (2466) Dubai 2009}) 10... Be7 {[%emt 0:02:24]} 11. Ne5 $146 {[%emt 0:09:51]} ({Predecessor:} 11. b3 Qc7 12. Bb2 O-O 13. Qe2 Bd7 {1-0 (33) Hausner,I (2410)-Dostal,R Policka 1997}) 11... Qa6 {[%emt 0:01:01]} 12. Ne4 {[%emt 0:04:59]} cxd4 {[%emt 0:05:22]} ({Black should try} 12... Nxe4 $14 13. Rxe4 cxd4) 13. Qxd4 {[%emt 0:11:29]} Nxe4 {[%emt 0:01:14]} 14. Rxe4 {[%emt 0:03:01]} f6 {[%emt 0:03:40]} 15. Nd3 {[%emt 0:07:59]} e5 {[%emt 0:02:23]} 16. Nxe5 {[%emt 0:00:21]} Bf5 {[%emt 0:00:06]} 17. Re1 {[%emt 0:05:44]} fxe5 {[%emt 0:01:45]} 18. Qxe5 {[%emt 0:04:47]} Qf6 {[%emt 0:00:43]} 19. g4 Bxg4 {[%emt 0:15:46]} 20. Bg5 {[%emt 0:04:02]} Qxe5 {[%emt 0:00:08]} 21. Rxe5 {[%emt 0:00:19]} O-O-O {[%emt 0:06:06]} 22. Rxe7 {[%emt 0:06:38]} Rd7 {[%emt 0:02:56]} 23. Re4 {[%emt 0:04:03]} Bf3 {[%emt 0:03:43]} 24. Rf4 {[%emt 0:00:32]} Bc6 {[%emt 0:01:03]} 25. Rg4 {[%emt 0:01:39]} Re8 {[%emt 0:02:00]} 26. Be3 {[%emt 0:00:14]} b6 {[%emt 0:04:46]} 27. Re1 {[%emt 0:06:04]} g6 {[%emt 0:02:29]} 28. b4 {[%emt 0:00:33]} Rd3 {[%emt 0:05:51]} 29. b5 $11 {[%emt 0:02:13]} Bd7 {[%emt 0:02:15]} 30. Rh4 {[%emt 0:00:40]} h5 {[%emt 0:00:53]} 31. Rc1 {[%emt 0:06:11]} Kb7 {[%emt 0:04:11]} 32. Rf4 {[%emt 0:02:32]} Bf5 {[%emt 0:00:53]} 33. c5 {[%emt 0:00:45]} bxc5 {[%emt 0:00:26]} 34. Bxc5 {[%emt 0:03:59]} Rc8 {[%emt 0:06:13]} 35. Rfc4 {[%emt 0:01:55]} Rd5 {[%emt 0:02:27]} 36. R4c3 {[%emt 0:00:55]} Bd3 {[%emt 0:01:09]} 37. a4 {[%emt 0:00:34]} Rg5+ {[%emt 0:00:33]} 0-1

[Event "22nd OIBM 2018"]
[Site "Gmund am Tegernsee"]
[Date "2018.10.30"]
[Round "4"]
[White "Dartmann Aubanell, Catriona"]
[Black "Goldbeck, Lars"]
[Result "0-1"]
[WhiteElo "1622"]
[BlackElo "2184"]
[Annotator "NA"]
[PlyCount "45"]
[EventDate "2018.10.27"]
[EventType "swiss"]
[EventCountry "GER"]
[SourceTitle "playchess.com"]
[Source "ChessBase"]
[SourceQuality "1"]
[TimeControl "40/5400+30:1800+30"]

1. e4 {[%emt 0:00:00]} c5 {[%emt 0:00:00]} 2. Nf3 {[%emt 0:00:00]} e6 {[%emt 0:00:00]} 3. c3 {[%emt 0:00:00]} Nf6 {[%emt 0:00:00]} 4. e5 {[%emt 0:00:00]} Nd5 {[%emt 0:00:00]} 5. d4 {[%emt 0:00:07]} cxd4 {[%emt 0:00:00]} 6. cxd4 {[%emt 0:00:06]} d6 {[%emt 0:00:01]} 7. Be2 {[%emt 0:02:39]} Be7 {[%emt 0:01:17]} 8. O-O {[%emt 0:00:25]} O-O {[%emt 0:00:08]} 9. Nbd2 {[%emt 0:02:24]} Nf4 10. Bc4 {[%emt 0:05:52]} d5 {[%emt 0:06:46]} 11. Bb3 {[%emt 0:00:55]} Nc6 {[%emt 0:01:01]} 12. a3 {[%emt 0:01:58]} f6 {[%emt 0:07:50]} 13. exf6 Bxf6 {[%emt 0:04:06]} 14. Nb1 {[%emt 0:03:09]} Nd3 {[%emt 0:00:30]} 15. Nc3 {[%emt 0:02:15]} Bd7 {[%emt 0:00:53]} 16. Re1 {[%emt 0:04:10]} Rc8 $11 {[%emt 0:11:18]} 17. Be3 {[%emt 0:05:23]} Na5 {[%emt 0:06:29]} 18. Bc2 {[%emt 0:03:15]} Nc4 {[%emt 0:01:21]} 19. Qb1 {[%emt 0:05:58]} Qe8 {[%emt 0:07:46]} 20. Bg5 {[%emt 0:05:13]} Qf7 {[%emt 0:07:12]} 21. Re2 {[%emt 0:04:28]} Bxg5 {[%emt 0:00:30]} 22. Nxg5 {[%emt 0:00:30]} Qf6 {[%emt 0:00:01]} 23. Nf3 {[%emt 0:02:50]} 0-1

[Event "22nd OIBM 2018"]
[Site "Gmund am Tegernsee"]
[Date "2018.10.31"]
[Round "5"]
[White "Demchenko, Anton"]
[Black "Halkias, Stelios"]
[Result "0-1"]
[WhiteElo "2679"]
[BlackElo "2544"]
[Annotator "TA"]
[PlyCount "74"]
[EventDate "2018.10.27"]
[EventType "swiss"]
[EventCountry "GER"]
[SourceTitle "playchess.com"]
[Source "ChessBase"]
[SourceQuality "1"]

{[%evp 13,74,18,22,19,27,20,31,20,22,25,56,53,59,47,44,47,49,27,49,22,56,32,41,0,66,56,58,50,82,82,70,72,92,72,51,14,30,-123,-113,-130,-62,-79,-89,-501,-479,-495,-489,-471,-470,-741,-729,-1458,-1471,-1466,-1417,-1354,-934,-4289,-4242,-3504,-3297,-3034,-2919]} 1. e4 c6 2. d4 d5 3. exd5 cxd5 4. Bd3 Nc6 5. c3 Qc7 6. Ne2 Bg4 7. O-O {B13: Caro-Kann (Abtausch-Variante 4.c4)} Nf6 {LiveBook: 17 Partien} (7... e6 8. Qe1 Bxe2 9. Qxe2 Nf6 10. Nd2 Bd6 11. g3 O-O 12. f4 a6 13. Nf3 b5 14. a3 Ne7 {½-½ (52) Le,Q (2715)-Nisipeanu,L (2661) Batumi 2018}) 8. Bg5 e6 9. Qe1 {Weiß hat minimalen Vorteil.} Bxe2 10. Qxe2 Bd6 11. g3 h5 12. Nd2 h4 $146 ({Vorgänger:} 12... O-O-O) 13. Kg2 Nh5 14. Qf3 ({Vergiftet wäre} 14. gxh4 $2 Bf4 $19) 14... Be7 15. Be3 Bd6 16. Rac1 ({Natürlich nicht} 16. gxh4 Nf4+ 17. Bxf4 Bxf4 $17) 16... O-O-O 17. c4 Nf6 18. cxd5 (18. c5 $5 {[%cal Rc5d6]} Be7 19. Nb3 $14) 18... exd5 (18... Nxd5 $11 19. Be4 Qd7) 19. a3 $1 $14 Kb8 20. b4 $1 {[%cal Rb4b5]} Qd7 {[#] Droht stark ...hxg3.} 21. Bf5 Qe8 22. Rfe1 Qg8 23. Nb3 Ne7 24. Bd3 {Mit der Idee Lg5.} Ne4 25. Na5 $2 (25. g4 $11) 25... f5 $17 26. Bf4 g5 (26... Qe6 $17 27. Bxd6+ Qxd6) 27. Bxd6+ $15 Rxd6 28. Qe2 $2 {[%mdl 8192]} (28. g4 $17 {war die entscheidende Verteidigung.}) 28... hxg3 $19 {Schwarz steht klar auf Gewinn.} 29. fxg3 Rdh6 30. Rh1 Qh7 {[%cal Rh6h2]} 31. h4 (31. Bxe4 $142 fxe4 32. h4) 31... gxh4 32. Qf1 Ng6 33. g4 h3+ {[%cal Bh4h3,Bh3h2][%mdl 32]} 34. Kh2 Qd7 {[#] ( -> ...Dd6+)} 35. Qf3 Qd6+ 36. Kg1 h2+ 37. Kf1 Nd2+ {Precision: Weiß = 57%, Schwarz = 60%.} 0-1

[Event "22nd OIBM 2018"]
[Site "Gmund am Tegernsee"]
[Date "2018.10.31"]
[Round "5"]
[White "Moiseenko, Alexander"]
[Black "Fischer, Daniel"]
[Result "1-0"]
[WhiteElo "2648"]
[BlackElo "2336"]
[Annotator "TA"]
[PlyCount "81"]
[EventDate "2018.10.27"]
[EventType "swiss"]
[EventCountry "GER"]
[SourceTitle "playchess.com"]
[Source "ChessBase"]
[SourceQuality "1"]

{[%evp 16,81,28,16,29,21,40,31,67,19,24,22,45,42,42,20,22,16,12,0,0,-12,-4,-39,-35,-45,-37,-32,-23,-28,-7,-3,-22,-22,-25,-24,-12,-12,0,0,0,-10,17,17,6,0,157,179,445,437,400,429,435,433,389,399,391,435,1045,1057,1003,1000,900,885,788,780,29985,29986]} 1. d4 Nf6 2. c4 e6 3. Nf3 d5 4. Nc3 Be7 5. Bf4 O-O 6. Rc1 c5 7. dxc5 Bxc5 8. e3 Nc6 9. a3 Bb6 {D37: Queen's Gambit Declined: 5 Bf4} (9... dxc4 10. Qxd8 Rxd8 11. Bxc4 b6 12. Ke2 Bb7 13. Rhd1 Nh5 14. Bg5 Be7 15. Bxe7 Nxe7 16. Nb5 a6 17. Nc7 {½-½ (65) Karjakin,S (2783)-Meier,G (2630) chess.com INT 2017}) 10. b4 Re8 11. Bg5 (11. c5 {is more complex.} Bc7 12. Bxc7 Qxc7 13. Nb5 Qd8 14. Nd6) 11... dxc4 {White is slightly better.} 12. Bxc4 $146 ({Predecessor:} 12. Qc2 h6 13. Bh4 g5 14. Nxg5 hxg5 15. Bxg5 Qd7 16. Bxf6 e5 17. Qe4 Qg4 18. Qxe5 Nxe5 {0-1 (18) Nieuwenhuis,P-Dekker,S Netherlands 1987}) 12... Qxd1+ 13. Rxd1 a6 14. Bxf6 gxf6 15. Ne4 Kg7 {[%cal Bg8g7,Bg7f6,Bf6e7][%mdl 32]} 16. Ke2 f5 17. Ng3 Kf6 18. Rd2 Ke7 19. Rhd1 Rd8 20. Nh5 Rxd2+ 21. Rxd2 Bc7 22. h3 Ne5 23. Nxe5 $1 Bxe5 24. g4 fxg4 25. hxg4 a5 26. b5 a4 27. f4 Bd6 28. Rd3 h6 29. e4 f6 30. Kf3 {Threatens to win with Nxf6!} b6 $2 {[#]} ({Better is} 30... Bc5 $11) 31. Nxf6 $1 $16 {[%mdl 512]} Bxa3 $2 (31... Bb7) (31... Kxf6 32. Rxd6) 32. Ng8+ $18 ({Not} 32. Rxa3 Kxf6 33. e5+ Ke7 $14) 32... Kf8 33. Rxa3 Kxg8 {[%mdl 4096] Endgame KRB-KRB} 34. f5 Kf7 35. Kf4 Kf6 {Black hopes to continue with ...e5+.} 36. e5+ Kf7 (36... Ke7 $142 37. Ba2 Bd7) 37. g5 hxg5+ 38. Kxg5 Bd7 39. Rd3 Rg8+ 40. Kf4 Ke8 41. Rxd7 {Precision: White = 57%, Black = 30%.} 1-0

[Event "22nd OIBM 2018"]
[Site "Gmund am Tegernsee"]
[Date "2018.10.31"]
[Round "5"]
[White "Iturrizaga Bonelli, Eduardo"]
[Black "Hess, Max"]
[Result "1-0"]
[WhiteElo "2636"]
[BlackElo "2326"]
[Annotator "TA"]
[PlyCount "79"]
[EventDate "2018.10.27"]
[EventType "swiss"]
[EventCountry "GER"]
[SourceTitle "playchess.com"]
[Source "ChessBase"]
[SourceQuality "1"]

{[%evp 18,79,-16,-18,0,0,0,0,29,39,41,29,33,29,29,27,41,11,61,59,59,67,98,98,98,98,98,98,99,94,101,107,117,120,154,157,150,141,146,146,159,158,165,168,170,165,174,173,204,191,222,229,237,229,326,325,346,340,458,467,685,679,906,904]} 1. Nf3 Nf6 2. d4 g6 3. g3 Bg7 4. Bg2 O-O 5. b3 c5 6. Bb2 cxd4 7. Nxd4 d5 8. O-O e5 {A05: Réti Opening: 1 Nf3 Nf6} 9. Nf3 e4 10. Nd4 {LiveBook: 8 Games} Bd7 $146 {The position is equal.} ({Predecessor:} 10... Re8 11. Na3 e3 12. f3 b6 13. c4 Bb7 14. Rc1 Na6 15. Nab5 Qd7 16. a3 {0-1 (32) Hafiz,A (2396)-Gagunashvili,M (2573) Tashkent 2017}) 11. Na3 Nc6 12. c4 dxc4 13. Nxc4 Nxd4 14. Qxd4 Bc6 15. Rfd1 Qxd4 16. Bxd4 Rfd8 17. Rac1 Ne8 18. Bxg7 Kxg7 19. Na5 $36 {[%mdl 2048] White fights for an advantage.} Bd5 {[#]} 20. Rd4 $1 Nf6 {[#]} 21. Rcd1 $1 Rdc8 22. Rxd5 Nxd5 23. Rxd5 Rc1+ 24. Bf1 Rac8 25. Nc4 Ra1 26. a4 Rc7 27. f3 exf3 28. exf3 Rb1 29. Rd3 Re7 30. Kf2 Rc1 31. Nd2 Rc2 32. g4 a6 33. Rd5 h5 34. gxh5 gxh5 35. h4 Re6 (35... f6 $142 36. Be2 Re5 37. Rd7+ Kf8) 36. Bc4 $18 Rf6 37. Rd7 Rf5 38. Kg3 {White is clearly winning.} Rf6 (38... Rc3 $142 39. a5 Rc1 40. Rxb7 Rg1+ 41. Kf2 Rc1) 39. Ne4 Rf5 40. Nd6 {Precision: White = 94%, Black = 42%.} 1-0